[Event "Southern op 22nd"]
[Site "Orlando"]
[Date "2014.09.20"]
[Round "3"]
[White "La Rota, Fabio"]
[Black "Poza, Juan Carlos"]
[Result "1-0"]
[WhiteElo "2286"]
[BlackElo "2155"]
[PlyCount "64"]
[EventDate "2014.09.19"]
[EventType "swiss"]
[EventRounds "5"]
[EventCountry "USA"]
[SourceTitle "EXT 2018"]
[Source "ChessBase"]
[SourceDate "2017.10.13"]
[SourceVersion "1"]
[SourceVersionDate "2017.10.13"]
[SourceQuality "1"]

1. d4 Nf6 2. Nf3 d5 3. Bf4 c6 4. e3 g6 5. h3 Bg7 6. Nbd2 0-0 7. c3 Nbd7 8. Be2 Ne4 9. Nxe4 dxe4 10. Ng5 Nf6 11. Be5 Bf5 12. g4 h6 13. gxf5 hxg5 14. fxg6 fxg6 15. Rg1 e6 16. Rxg5 Kh7 17. Rg2 Rf7 18. Qb3 Nd5 19. Bg3 Qe7 20. Qc2 e5 21. Qxe4 exd4 22. Qxe7 Rxe7 23. cxd4 Rae8 24. 0-0-0 Rxe3 25. fxe3 Nxe3 26. Rf2 Nxd1 27. Bxd1 Bxd4 28. Rf7+ Kh8 29. Rxb7 Be3+ 30. Kb1 g5 31. Rd7 a5 32. Be1 Bf4 1-0

[Event "US Open-115"]
[Site "Orlando"]
[Date "2014.07.31"]
[Round "3"]
[White "Chen, Baining"]
[Black "La Rota, Fabio"]
[Result "1/2-1/2"]
[WhiteElo "2026"]
[BlackElo "2245"]
[PlyCount "82"]
[EventDate "2014.07.26"]
[EventType "swiss"]
[EventRounds "9"]
[EventCountry "USA"]
[SourceTitle "CBM 161 Extra"]
[Source "ChessBase"]
[SourceDate "2014.08.29"]
[SourceVersion "1"]
[SourceVersionDate "2014.08.29"]
[SourceQuality "1"]

1. e4 c6 2. d4 d5 3. exd5 cxd5 4. Bd3 Nc6 5. c3 g6 6. Nf3 Bg7 7. 0-0 Nh6 8. h3 0-0 9. Bf4 f6 10. c4 Be6 11. c5 Nf5 12. Bc2 Bf7 13. Be3 e5 14. Nc3 e4 15. Nh2 Nxe3 16. fxe3 f5 17. Ne2 Bh6 18. Qd2 Qa5 19. Nc3 Be6 20. a3 g5 21. b4 Qc7 22. Bb3 Ne7 23. Rae1 Qd7 24. Qe2 Bg7 25. Ba4 Qd8 26. Bb3 Rf6 27. Nb5 Nc8 28. a4 a6 29. Nc3 Bf7 30. b5 Ne7 31. Rf2 h5 32. g3 Qc7 33. Rg2 Rd8 34. b6 Qd7 35. h4 Bh6 36. Qf2 Kh8 37. Ne2 Rg8 38. Kh1 Ng6 39. hxg5 Bxg5 40. Nf4 Nxf4 41. gxf4 Bh6 1/2-1/2

[Event "US Open-115"]
[Site "Orlando"]
[Date "2014.07.29"]
[Round "4"]
[White "La Rota, Fabio"]
[Black "Van Dyke, Patrick"]
[Result "1-0"]
[WhiteElo "2245"]
[BlackElo "1876"]
[PlyCount "99"]
[EventDate "2014.07.26"]
[EventType "swiss"]
[EventRounds "9"]
[EventCountry "USA"]
[SourceTitle "CBM 161 Extra"]
[Source "ChessBase"]
[SourceDate "2014.08.29"]
[SourceVersion "1"]
[SourceVersionDate "2014.08.29"]
[SourceQuality "1"]

1. e4 c5 2. Nc3 Nc6 3. g3 g6 4. Bg2 Bg7 5. d3 d6 6. Be3 e6 7. Qd2 Nf6 8. h3 Rb8 9. f4 Nd4 10. Nd1 Qc7 11. c3 Nc6 12. g4 Nd7 13. Ne2 Ne7 14. d4 b6 15. Nf2 Bb7 16. Rd1 f5 17. 0-0 Rd8 18. Qc2 d5 19. e5 Ba6 20. Rfe1 Bxe2 21. Qxe2 c4 22. Qc2 0-0 23. Bf3 b5 24. Kg2 a5 25. Rh1 Ra8 26. Bd2 Rfb8 27. Rdg1 b4 28. Qc1 Qa7 29. Kf1 a4 30. Bd1 Nc6 31. gxf5 exf5 32. Bf3 Ne7 33. Bd1 Qa6 34. Kg2 Nf8 35. a3 bxa3 36. bxa3 Rb5 37. Qc2 Rb3 38. Qa2 Rb5 39. Bc2 Ne6 40. Rb1 Nc6 41. Rxb5 Qxb5 42. Rb1 Qa5 43. Bd1 Bf8 44. Bf3 Ned8 45. Nd1 Ra7 46. Ne3 Rd7 47. Kg3 Kf7 48. Nxd5 Rxd5 49. Qxc4 Ke6 50. Qa2 1-0

[Event "Wch Seniors 23rd"]
[Site "Opatija"]
[Date "2013.11.20"]
[Round "8"]
[White "Vokoun, Jan"]
[Black "La Rota, Fabio"]
[Result "1/2-1/2"]
[WhiteElo "2185"]
[BlackElo "2258"]
[PlyCount "102"]
[EventDate "2013.11.12"]
[EventType "swiss"]
[EventRounds "11"]
[EventCountry "CRO"]
[SourceTitle "CBM 157 Extra"]
[Source "ChessBase"]
[SourceDate "2013.12.19"]
[SourceVersion "1"]
[SourceVersionDate "2013.12.19"]
[SourceQuality "1"]

1. e4 c6 2. d4 d5 3. exd5 cxd5 4. c4 Nf6 5. Nc3 e6 6. Nf3 Bb4 7. Bd3 dxc4 8. Bxc4 0-0 9. 0-0 Nbd7 10. Qd3 b6 11. a3 Be7 12. Re1 Bb7 13. Qe2 h6 14. Bf4 a6 15. Ne5 Nxe5 16. dxe5 Nd7 17. Ne4 b5 18. Ba2 Re8 19. Red1 Bc6 20. Rac1 Bb7 21. Nd6 Bxd6 22. Rxd6 Re7 23. Qd3 Qe8 24. h4 Nf8 25. h5 Rc8 26. Rd1 Rec7 27. Bb1 Qe7 28. Qg3 Kh8 29. R6d4 Bd5 30. Be3 Rc4 31. Rxc4 Bxc4 32. b4 Rd8 33. Rd6 Be2 34. f3 Qc7 35. Qf4 Rxd6 36. exd6 Qd7 37. Qe4 Qxd6 38. Bc5 Qd1+ 39. Kf2 Qf1+ 40. Ke3 Kg8 41. Qa8 Qxb1 42. Qxf8+ Kh7 43. Kxe2 Qc2+ 44. Kf1 Qd1+ 45. Kf2 Qd2+ 46. Kg3 Qg5+ 47. Kh2 Qh4+ 48. Kg1 Qe1+ 49. Kh2 Qh4+ 50. Kg1 Qe1+ 51. Kh2 Qh4+ 1/2-1/2

[Event "Wch Seniors 23rd"]
[Site "Opatija"]
[Date "2013.11.16"]
[Round "5"]
[White "La Rota, Fabio"]
[Black "Tsomaia, Sergo"]
[Result "1/2-1/2"]
[WhiteElo "2258"]
[BlackElo "1859"]
[PlyCount "69"]
[EventDate "2013.11.12"]
[EventType "swiss"]
[EventRounds "11"]
[EventCountry "CRO"]
[SourceTitle "CBM 157 Extra"]
[Source "ChessBase"]
[SourceDate "2013.12.19"]
[SourceVersion "1"]
[SourceVersionDate "2013.12.19"]
[SourceQuality "1"]

1. d4 Nf6 2. Nc3 d5 3. Qd3 e6 4. Bg5 Be7 5. Nf3 Nbd7 6. g3 0-0 7. Bg2 c5 8. 0-0 cxd4 9. Qxd4 b6 10. e4 Bb7 11. exd5 Nxd5 12. Nxd5 Bxd5 13. Bxe7 Qxe7 14. c4 Bb7 15. Rfd1 Rfd8 16. Qf4 Nc5 17. Qe3 Rac8 18. Nd4 Bxg2 19. Kxg2 Qb7+ 20. f3 a5 21. Rd2 Rd7 22. Rad1 Rcd8 23. Nb5 Rxd2+ 24. Rxd2 Rxd2+ 25. Qxd2 Qd7 26. Qd6 Qxd6 27. Nxd6 Kf8 28. Nc8 Ke8 29. Nd6+ Kd7 30. Nxf7 Nd3 31. b3 Nc1 32. Kf2 Nxa2 33. Ne5+ Kd6 34. Nd3 Nc3 35. Ke3 1/2-1/2

[Event "Novara op-A"]
[Site "Novara"]
[Date "2013.11.03"]
[Round "5"]
[White "La Rota, Fabio"]
[Black "Bisi, Samuele"]
[Result "1/2-1/2"]
[WhiteElo "2258"]
[BlackElo "2058"]
[PlyCount "90"]
[EventDate "2013.11.01"]
[EventType "swiss"]
[EventRounds "5"]
[EventCountry "ITA"]
[SourceTitle "EXT 2014"]
[Source "ChessBase"]
[SourceDate "2013.11.20"]
[SourceVersion "1"]
[SourceVersionDate "2013.11.20"]
[SourceQuality "1"]

1. d4 Nf6 2. Nc3 c5 3. d5 d6 4. e4 g6 5. Bb5+ Nbd7 6. Nf3 a6 7. Bd3 b5 8. 0-0 Bg7 9. Re1 Nb6 10. Qd2 0-0 11. Rb1 Bg4 12. Qf4 Qd7 13. h3 Bxf3 14. Qxf3 e6 15. Bg5 Ne8 16. Qg4 Nc7 17. dxe6 fxe6 18. Nd1 Rae8 19. Ne3 d5 20. Qh4 c4 21. Be2 d4 22. Ng4 e5 23. Nf6+ Bxf6 24. Bxf6 Qf7 25. Bg5 Ne6 26. Bh6 Ng7 27. Rf1 Nd7 28. b3 Nc5 29. Rfd1 d3 30. cxd3 cxb3 31. Rb2 bxa2 32. Ra1 Ra8 33. Rbxa2 Nb3 34. Rb1 Nd4 35. Rab2 a5 36. Bd1 a4 37. Ra1 a3 38. Rb4 Qc7 39. Rbb1 Qc3 40. Rc1 Qxd3 41. Bxg7 Kxg7 42. Rc7+ Rf7 43. Rxf7+ Kxf7 44. Qxh7+ Kf6 45. Qh4+ Kf7 1/2-1/2

[Event "Novara op-A"]
[Site "Novara"]
[Date "2013.11.02"]
[Round "3"]
[White "La Rota, Fabio"]
[Black "Villa, Giorgio"]
[Result "1/2-1/2"]
[WhiteElo "2258"]
[BlackElo "1959"]
[PlyCount "106"]
[EventDate "2013.11.01"]
[EventType "swiss"]
[EventRounds "5"]
[EventCountry "ITA"]
[SourceTitle "EXT 2014"]
[Source "ChessBase"]
[SourceDate "2013.11.20"]
[SourceVersion "1"]
[SourceVersionDate "2013.11.20"]
[SourceQuality "1"]

1. d4 d5 2. Nf3 Nf6 3. Bf4 c5 4. e3 Qb6 5. Nc3 e6 6. a3 a6 7. Be2 Nbd7 8. 0-0 Be7 9. Rb1 0-0 10. h3 Qc6 11. Re1 b6 12. Ne5 Nxe5 13. Bxe5 Bb7 14. Bf3 Rad8 15. e4 dxe4 16. Nxe4 Qc8 17. Qe2 cxd4 18. Rbd1 Bxe4 19. Bxe4 Nxe4 20. Qxe4 Rd5 21. Bxd4 Bc5 22. Bc3 Rfd8 23. Qg4 Bf8 24. Rxd5 Rxd5 25. Re3 g6 26. Qe2 b5 27. Be5 Bg7 28. Bxg7 Kxg7 29. Rc3 Qd7 30. Qe3 Qd6 31. g3 Rd2 32. Kg2 Qd5+ 33. Qf3 Qxf3+ 34. Kxf3 Kf6 35. Rc6 Ke7 36. Ke3 Rd6 37. Rc8 Kd7 38. Ra8 e5 39. h4 h5 40. Ra7+ Ke6 41. Rc7 f5 42. f3 Kd5 43. Re7 Re6 44. Rd7+ Rd6 45. Rg7 Rc6 46. Kd3 e4+ 47. fxe4+ fxe4+ 48. Kd2 Kd4 49. Rd7+ Ke5 50. Rf7 Ke6 51. Rf8 Ke5 52. Rf7 Ke6 53. Rf8 Ke5 1/2-1/2

[Event "Novara op-A"]
[Site "Novara"]
[Date "2013.11.02"]
[Round "2"]
[White "Siclari, Giovanni"]
[Black "La Rota, Fabio"]
[Result "1/2-1/2"]
[WhiteElo "2069"]
[BlackElo "2258"]
[PlyCount "55"]
[EventDate "2013.11.01"]
[EventType "swiss"]
[EventRounds "5"]
[EventCountry "ITA"]
[SourceTitle "EXT 2014"]
[Source "ChessBase"]
[SourceDate "2013.11.20"]
[SourceVersion "1"]
[SourceVersionDate "2013.11.20"]
[SourceQuality "1"]

1. Nf3 d5 2. d4 Nf6 3. c4 e6 4. Nc3 Nbd7 5. Bg5 Bb4 6. cxd5 exd5 7. Qc2 c5 8. dxc5 Qa5 9. Bd2 Qxc5 10. a3 Bxc3 11. Qxc3 0-0 12. e3 Ne4 13. Qxc5 Ndxc5 14. b4 Nb3 15. Rb1 Nbxd2 16. Nxd2 Bf5 17. Bd3 Rac8 18. Bxe4 Bxe4 19. Nxe4 dxe4 20. 0-0 Rfd8 21. Rbc1 Kf8 22. g4 Ke7 23. Kg2 Ke6 24. Kg3 g5 25. h4 h6 26. hxg5 hxg5 27. Rh1 Kf6 28. Rh6+ 1/2-1/2

[Event "American Continental 05th"]
[Site "Boca Raton"]
[Date "2008.11.05"]
[Round "6"]
[White "Almeida Saenz, Alfonso"]
[Black "La Rota, Fabio"]
[Result "0-1"]
[WhiteElo "2378"]
[BlackElo "2252"]
[PlyCount "130"]
[EventDate "2008.11.01"]
[EventType "swiss"]
[EventRounds "9"]
[EventCountry "USA"]
[SourceTitle "EXT 2009"]
[Source "ChessBase"]
[SourceDate "2008.11.26"]
[SourceVersion "1"]
[SourceVersionDate "2008.11.26"]
[SourceQuality "1"]

1. d4 d5 2. c4 e6 3. Nf3 Nf6 4. Nc3 Nbd7 5. Bf4 Bb4 6. Qb3 c5 7. e3 Qa5 8. Nd2 0-0 9. Be2 Nb6 10. 0-0 cxd4 11. exd4 dxc4 12. Nxc4 Nxc4 13. Bxc4 b6 14. Rfe1 Nd5 15. Nxd5 Bxe1 16. Ne7+ Kh8 17. Nc6 Qf5 18. Qg3 Qe4 19. Ne5 Bb4 20. Bd3 Qd5 21. a3 Bd6 22. Qh4 f5 23. Ng6+ Kg8 24. Bxd6 Qxd6 25. Nxf8 Kxf8 26. Qxh7 Qxd4 27. Be2 Qxb2 28. Qh8+ Ke7 29. Re1 Bb7 30. Qh4+ Qf6 31. Qb4+ Kf7 32. Bc4 Re8 33. h4 Be4 34. f3 Qd4+ 35. Kh1 Bd5 36. Bxd5 Qxb4 37. axb4 exd5 38. Ra1 Re7 39. Kg1 Ke6 40. Kf2 Kd6 41. Kg3 Ke5 42. Re1+ Kf6 43. Rd1 Rd7 44. Kf4 d4 45. g4 fxg4 46. fxg4 d3 47. Ke4 d2 48. b5 Rd8 49. Rf1+ Ke6 50. Rd1 Rd5 51. h5 Kd6 52. Ke3 Rxb5 53. Rxd2+ Ke6 54. Kf4 a5 55. Rc2 Rc5 56. Rh2 Kf7 57. Rd2 a4 58. Rd7+ Kf8 59. Rb7 Rb5 60. g5 a3 61. h6 gxh6 62. gxh6 a2 63. h7 a1Q 64. Rb8+ Kf7 65. h8Q Qa4+ 0-1

[Event "American Continental 05th"]
[Site "Boca Raton"]
[Date "2008.11.02"]
[Round "1"]
[White "La Rota, Fabio"]
[Black "Stripunsky, Alexander"]
[Result "0-1"]
[WhiteElo "2252"]
[BlackElo "2553"]
[PlyCount "92"]
[EventDate "2008.11.01"]
[EventType "swiss"]
[EventRounds "9"]
[EventCountry "USA"]
[SourceTitle "EXT 2009"]
[Source "ChessBase"]
[SourceDate "2008.11.26"]
[SourceVersion "1"]
[SourceVersionDate "2008.11.26"]
[SourceQuality "1"]

1. d4 d5 2. Nf3 Bf5 3. Bf4 e6 4. e3 Bd6 5. Bg3 Nf6 6. Nbd2 0-0 7. Be2 c5 8. c3 h6 9. Ne5 Nc6 10. Nxc6 bxc6 11. dxc5 Bxc5 12. Qa4 Qb6 13. Qb3 Be7 14. 0-0 Nd7 15. Nf3 Rfc8 16. Rfc1 Bh7 17. h3 Nc5 18. Qxb6 axb6 19. c4 Bd3 20. Nd4 Bxe2 21. Nxe2 Nd3 22. Rc3 Nxb2 23. cxd5 exd5 24. Rc2 Nc4 25. Rd1 b5 26. Nd4 Ra6 27. Re1 Na3 28. Rce2 Bf8 29. Rd1 g6 30. Nb3 b4 31. Kf1 Nb5 32. Be5 Rca8 33. Rc2 Na3 34. Rcc1 Nc4 35. Bd4 Rxa2 36. e4 R8a3 37. exd5 cxd5 38. Nc5 b3 39. Ke1 Bg7 40. Bxg7 Kxg7 41. Rb1 b2 42. Nd3 Ra1 43. Nxb2 Rxb1 44. Rxb1 Rb3 45. Rd1 Nxb2 46. Rxd5 Nd3+ 0-1

[Event "Miami op"]
[Site "Miami"]
[Date "2007.09.29"]
[Round "6"]
[White "Bady, Glenn"]
[Black "La Rota, Fabio"]
[Result "1-0"]
[WhiteElo "2185"]
[BlackElo "2286"]
[PlyCount "23"]
[EventDate "2007.09.26"]
[EventType "swiss"]
[EventRounds "9"]
[EventCountry "USA"]
[SourceTitle "CBM 120 Extra"]
[Source "ChessBase"]
[SourceDate "2007.11.01"]
[SourceVersion "1"]
[SourceVersionDate "2007.11.01"]
[SourceQuality "1"]

1. e4 c6 2. d4 d5 3. e5 c5 4. c3 Nc6 5. Nf3 Bg4 6. dxc5 Nxe5 7. Nxe5 Bxd1 8. Bb5+ Qd7 9. Bxd7+ Kd8 10. Kxd1 f6 11. Nf7+ Kxd7 12. Nxh8 1-0

[Event "American Continental 04th"]
[Site "Cali"]
[Date "2007.07.12"]
[Round "3"]
[White "Buitrago, Juan Carlos"]
[Black "La Rota, Fabio"]
[Result "0-1"]
[WhiteElo "2160"]
[BlackElo "2286"]
[PlyCount "102"]
[EventDate "2007.07.10"]
[EventType "swiss"]
[EventRounds "11"]
[EventCountry "COL"]
[SourceTitle "CBM 119 Extra"]
[Source "ChessBase"]
[SourceDate "2007.09.04"]
[SourceVersion "1"]
[SourceVersionDate "2007.09.04"]
[SourceQuality "1"]

1. d4 d5 2. c4 e6 3. Nc3 Nf6 4. Bg5 Nbd7 5. e3 Be7 6. Nf3 0-0 7. Rc1 c6 8. Bd3 Re8 9. 0-0 Nf8 10. Ne5 dxc4 11. Bxc4 Nd5 12. Bxe7 Qxe7 13. e4 Nb6 14. Bb3 Rd8 15. Ne2 Nbd7 16. Nxd7 Bxd7 17. Qc2 b6 18. Qc3 Rac8 19. e5 c5 20. Qe3 Bb5 21. dxc5 Bxe2 22. Qxe2 Rxc5 23. Qe3 Nd7 24. Rxc5 Qxc5 25. Qd3 Qxe5 26. Rd1 b5 27. Bc2 g6 28. Bb3 Kf8 29. g3 Ke8 30. Qd2 Qc5 31. Qf4 Ne5 32. Rxd8+ Kxd8 33. Qh4+ Kd7 34. Qxh7 Qc1+ 35. Kg2 Qxb2 36. Qg8 Qd4 37. Qb8 Qc5 38. Qb7+ Ke8 39. Qb8+ Ke7 40. f4 Ng4 41. Qb7+ Kf6 42. Qf3 Ne3+ 43. Kh3 a5 44. g4 a4 45. g5+ Kf5 46. Bd1 Nxd1 47. Qg4+ Ke4 48. Qxd1 Qf5+ 49. Kg2 Kxf4 50. Qd2+ Kg4 51. h3+ Kh4 0-1

[Event "World op 34th"]
[Site "Philadelphia"]
[Date "2006.07.04"]
[Round "9"]
[White "Sarkar, Justin"]
[Black "La Rota, Fabio"]
[Result "1/2-1/2"]
[WhiteElo "2355"]
[BlackElo "2296"]
[PlyCount "152"]
[EventDate "2006.06.28"]
[EventType "swiss"]
[EventRounds "9"]
[EventCountry "USA"]
[SourceTitle "CBM 112 Extra"]
[Source "ChessBase"]
[SourceDate "2006.07.14"]
[SourceVersion "1"]
[SourceVersionDate "2006.07.14"]
[SourceQuality "1"]

1. d4 d5 2. c4 e6 3. Nc3 Nf6 4. Nf3 Nbd7 5. Bf4 Bb4 6. cxd5 exd5 7. Rc1 c6 8. a3 Be7 9. e3 Nf8 10. Qc2 Ng6 11. Bg5 0-0 12. Bd3 Re8 13. Bxf6 Bxf6 14. h3 b6 15. b4 Bb7 16. 0-0 Qd6 17. Rfd1 Be7 18. Rb1 Rac8 19. a4 Rb8 20. a5 Bd8 21. axb6 axb6 22. b5 Re7 23. bxc6 Bxc6 24. Bb5 Bb7 25. Ra1 Rc7 26. Qb3 Rbc8 27. Rd3 Ne7 28. g3 Kf8 29. Kg2 f6 30. Ba6 Bxa6 31. Rxa6 Rc4 32. Nd2 Qb4 33. Na4 Qxb3 34. Rxb3 Rc2 35. Nb1 Ra2 36. Nbc3 Ra1 37. Nc5 Rxa6 38. Nxa6 Kf7 39. Nb4 Ke6 40. Ra3 Rc4 41. Nd3 g5 42. Kf3 h5 43. Ke2 Nc6 44. Kd2 Na5 45. Ra2 Nb3+ 46. Kc2 Na5 47. Rb2 Nc6 48. Kd2 Bc7 49. g4 h4 50. Rb1 b5 51. Nc5+ Kf7 52. Nxd5 Nxd4 53. Nxc7 Rxc5 54. exd4 Rxc7 55. Rxb5 Ra7 56. Rb3 Ra2+ 57. Ke3 Ke6 58. f4 Rh2 59. Ke4 Re2+ 60. Re3 Rd2 61. f5+ Kd6 62. Ra3 Re2+ 63. Kd3 Rh2 64. Kc4 Rc2+ 65. Rc3 Rd2 66. Re3 Rc2+ 67. Kd3 Rh2 68. Ke4 Rd2 69. Ra3 Re2+ 70. Kd3 Rh2 71. Ra6+ Kd5 72. Ra5+ Kd6 73. Ke4 Re2+ 74. Kd3 Rh2 75. Ra6+ Kd5 76. Ra5+ Kd6 1/2-1/2

[Event "World op 34th"]
[Site "Philadelphia"]
[Date "2006.06.29"]
[Round "2"]
[White "Hook, William"]
[Black "La Rota, Fabio"]
[Result "0-1"]
[WhiteElo "2109"]
[BlackElo "2296"]
[PlyCount "62"]
[EventDate "2006.06.28"]
[EventType "swiss"]
[EventRounds "9"]
[EventCountry "USA"]
[SourceTitle "CBM 112 Extra"]
[Source "ChessBase"]
[SourceDate "2006.07.14"]
[SourceVersion "1"]
[SourceVersionDate "2006.07.14"]
[SourceQuality "1"]

1. d4 d5 2. Nf3 Nf6 3. c4 e6 4. Nc3 Nbd7 5. Bg5 Bb4 6. e3 c5 7. Qc2 Qa5 8. Bxf6 Nxf6 9. Bd3 dxc4 10. Bxc4 cxd4 11. Nxd4 Bd7 12. Rc1 Rc8 13. Qd3 0-0 14. 0-0 Rfd8 15. Qe2 a6 16. Nb3 Qg5 17. Nb1 Nd5 18. a3 Bd6 19. g3 Nb6 20. Bd3 Na4 21. Nd4 Bc5 22. b3 Nb6 23. Nf3 Qf6 24. b4 Bf8 25. Nfd2 Qb2 26. Nc4 Nxc4 27. Bxc4 Qf6 28. Rfd1 Bc6 29. e4 Qe5 30. Bd3 Ba4 31. Qd2 Bxd1 0-1

[Event "Las Vegas National op"]
[Site "Las Vegas"]
[Date "2005.06.12"]
[Round "5"]
[White "Davis, Loal W"]
[Black "La Rota, Fabio"]
[Result "1-0"]
[WhiteElo "2153"]
[BlackElo "2317"]
[PlyCount "87"]
[EventDate "2005.06.10"]
[EventType "swiss"]
[EventRounds "7"]
[EventCountry "USA"]
[SourceTitle "CBM 106 Extra"]
[Source "ChessBase"]
[SourceDate "2005.07.01"]
[SourceVersion "1"]
[SourceVersionDate "2005.07.01"]
[SourceQuality "1"]

1. e4 c6 2. d4 d5 3. Nc3 dxe4 4. Nxe4 Nf6 5. Nxf6+ exf6 6. Bc4 Bd6 7. Qe2+ Be7 8. c3 0-0 9. Qf3 Re8 10. Ne2 Nd7 11. 0-0 Nf8 12. Nf4 Bd6 13. Bd2 Qc7 14. h3 Bd7 15. Rfe1 Qb6 16. b3 Qc7 17. Kf1 Red8 18. Rad1 a5 19. Nh5 Ne6 20. Ng3 b5 21. Bd3 Bf4 22. Rxe6 Bxg3 23. Re7 Bd6 24. Bxh7+ Kf8 25. Re2 Re8 26. Rde1 Rxe2 27. Rxe2 Re8 28. Rxe8+ Kxe8 29. Bf5 Be6 30. Be4 Bd7 31. h4 b4 32. g4 c5 33. d5 Be5 34. h5 Qc8 35. h6 g6 36. h7 Ke7 37. Bf4 Qh8 38. Bxe5 fxe5 39. d6+ Kf8 40. Bxg6 Be6 41. Qa8+ Kg7 42. Qxh8+ Kxh8 43. Bxf7 Bd7 44. Bg6 1-0

[Event "Las Vegas National op"]
[Site "Las Vegas"]
[Date "2005.06.11"]
[Round "4"]
[White "La Rota, Fabio"]
[Black "Stubenrauch, Steve"]
[Result "1/2-1/2"]
[WhiteElo "2317"]
[BlackElo "2121"]
[PlyCount "44"]
[EventDate "2005.06.10"]
[EventType "swiss"]
[EventRounds "7"]
[EventCountry "USA"]
[SourceTitle "CBM 106 Extra"]
[Source "ChessBase"]
[SourceDate "2005.07.01"]
[SourceVersion "1"]
[SourceVersionDate "2005.07.01"]
[SourceQuality "1"]

1. d4 Nf6 2. Nf3 e6 3. Bf4 b6 4. e3 Bb7 5. Nbd2 Be7 6. h3 d5 7. Be2 0-0 8. 0-0 Nbd7 9. c3 c5 10. Re1 Re8 11. Qb1 Bf8 12. Bd3 g6 13. a4 a5 14. Bh2 Bg7 15. Qc2 Rc8 16. Bb5 Bc6 17. Ba6 Ra8 18. Bd3 Qe7 19. Rad1 Rec8 20. Ra1 Bb7 21. Qb1 Bc6 22. Bc2 Bb7 1/2-1/2

[Event "USA-ch"]
[Site "San Diego"]
[Date "2004.12.04"]
[Round "9"]
[White "Enkhbat, Tegshsuren"]
[Black "La Rota, Fabio"]
[Result "1-0"]
[WhiteElo "2406"]
[BlackElo "2333"]
[PlyCount "81"]
[EventDate "2004.11.24"]
[EventType "swiss"]
[EventRounds "9"]
[EventCountry "USA"]
[SourceTitle "CBM 105"]
[Source "ChessBase"]
[SourceDate "2005.04.11"]
[SourceVersion "1"]
[SourceVersionDate "2005.04.11"]
[SourceQuality "1"]

1. d4 d5 2. Nf3 Nf6 3. c4 e6 4. g3 dxc4 5. Bg2 Nbd7 6. Qa4 a6 7. Nc3 Be7 8. Qxc4 b5 9. Qd3 Bb7 10. 0-0 0-0 11. Ng5 Bxg2 12. Kxg2 c5 13. Rd1 Qb6 14. d5 Ne5 15. Qc2 h6 16. Nge4 Nxd5 17. Nxd5 exd5 18. Rxd5 Qe6 19. Rd1 Rad8 20. Bf4 Nc4 21. f3 f5 22. Nf2 g5 23. Bc1 Bf6 24. Rb1 Rxd1 25. Nxd1 Re8 26. Kf1 Ne5 27. Be3 Nc4 28. Bc1 Kg7 29. b3 Ne5 30. Ne3 f4 31. Nf5+ Kh8 32. Bb2 fxg3 33. hxg3 Nc6 34. g4 Ne5 35. Rd1 Be7 36. Qe4 Bf6 37. Rd6 Qf7 38. Rxa6 h5 39. Nd6 Qe6 40. Nxe8 Qxa6 41. Nxf6 1-0

[Event "USA-ch"]
[Site "San Diego"]
[Date "2004.11.30"]
[Round "6"]
[White "La Rota, Fabio"]
[Black "Friedel, Joshua E"]
[Result "0-1"]
[WhiteElo "2333"]
[BlackElo "2436"]
[PlyCount "94"]
[EventDate "2004.11.24"]
[EventType "swiss"]
[EventRounds "9"]
[EventCountry "USA"]
[SourceTitle "CBM 105"]
[Source "ChessBase"]
[SourceDate "2005.04.11"]
[SourceVersion "1"]
[SourceVersionDate "2005.04.11"]
[SourceQuality "1"]

1. e4 e5 2. Nc3 Nc6 3. Bc4 Nf6 4. d3 Na5 5. a3 Nxc4 6. dxc4 c6 7. Qd3 d6 8. Bg5 Be6 9. Nf3 Be7 10. 0-0 Qc7 11. Rad1 Rd8 12. Rfe1 0-0 13. Qe2 h6 14. Bc1 Nh7 15. b3 f5 16. c5 f4 17. cxd6 Bxd6 18. Rd3 g5 19. h3 Qe7 20. Nb1 g4 21. hxg4 Bxg4 22. Nbd2 Ng5 23. Qf1 Rde8 24. a4 Rf7 25. Nh2 h5 26. Nc4 Bc5 27. Kh1 b5 28. Nd2 Ref8 29. Ndf3 bxa4 30. bxa4 Bb6 31. Ba3 c5 32. a5 Bxa5 33. Bxc5 Qxc5 34. Nxg5 Bxe1 35. Nxf7 Qxf2 36. Nh6+ Kg7 37. Qxf2 Bxf2 38. N6xg4 hxg4 39. Rd2 g3 40. Rd7+ Kg6 41. Rd6+ Kh5 42. Nf3 Rb8 43. Rd1 Rh8 44. Ng1 Kg4+ 45. Nh3 Rxh3+ 46. gxh3+ Kxh3 47. Rd3 Be3 0-1

[Event "USA-ch"]
[Site "San Diego"]
[Date "2004.11.24"]
[Round "1"]
[White "La Rota, Fabio"]
[Black "Serper, Grigory"]
[Result "1/2-1/2"]
[WhiteElo "2333"]
[BlackElo "2542"]
[PlyCount "81"]
[EventDate "2004.11.24"]
[EventType "swiss"]
[EventRounds "9"]
[EventCountry "USA"]
[SourceTitle "CBM 105"]
[Source "ChessBase"]
[SourceDate "2005.04.11"]
[SourceVersion "1"]
[SourceVersionDate "2005.04.11"]
[SourceQuality "1"]

1. d4 Nf6 2. Nf3 d5 3. Bf4 c5 4. e3 Nc6 5. c3 Qb6 6. Qb3 c4 7. Qc2 Bf5 8. Qc1 h6 9. h3 e6 10. Nbd2 Qd8 11. Be2 Be7 12. 0-0 0-0 13. Bd1 Bd6 14. Bxd6 Qxd6 15. Bc2 b5 16. Re1 Bxc2 17. Qxc2 e5 18. dxe5 Nxe5 19. Nxe5 Qxe5 20. a4 a6 21. e4 dxe4 22. Nxe4 Rad8 23. Nxf6+ Qxf6 24. axb5 axb5 25. Rad1 Rfe8 26. Rxe8+ Rxe8 27. Qd2 Qf5 28. Kf1 Kh7 29. Re1 Rxe1+ 30. Kxe1 Qb1+ 31. Ke2 Qe4+ 32. Kf1 Qb1+ 33. Ke2 f5 34. f4 Qe4+ 35. Kf2 Qb1 36. Kg3 Qe4 37. Kf2 Kg6 38. Qd6+ Kh7 39. Qd2 Qb1 40. Kg3 Qe4 41. Kf2 1/2-1/2

[Event "Internet Section 17-A"]
[Site "Dos Hermanas"]
[Date "2003.03.17"]
[Round "7"]
[White "La Rota, Fabio"]
[Black "Galego, Luis"]
[Result "0-1"]
[WhiteElo "2345"]
[BlackElo "2518"]
[PlyCount "78"]
[EventDate "2003.03.17"]
[EventType "swiss (blitz)"]
[EventRounds "9"]
[EventCountry "ESP"]
[SourceTitle "EXT 2004"]
[Source "ChessBase"]
[SourceDate "2003.11.25"]
[SourceVersion "1"]
[SourceVersionDate "2003.11.25"]
[SourceQuality "1"]

1. e4 c5 2. Nc3 e6 3. g3 d5 4. Bg2 d4 5. Nb1 h5 6. d3 h4 7. a4 Nc6 8. Na3 e5 9. f4 exf4 10. gxf4 h3 11. Bf3 Qh4+ 12. Kf1 Nf6 13. Qe1 Nb4 14. f5 Bd6 15. Qxh4 Rxh4 16. Bg5 Rh8 17. Ne2 Bd7 18. Kf2 Nc6 19. Nc4 Bc7 20. Bf4 0-0-0 21. Rhg1 Rh7 22. Rg3 Nb4 23. Nd6+ Bxd6 24. Bxd6 b6 25. b3 Nxc2 26. Rc1 Nb4 27. Be7 Nxd3+ 28. Kf1 Nxc1 29. Bxd8 Nxe2 30. Kxe2 Kxd8 31. Kd3 Ne8 32. Bg4 f6 33. Bxh3 Nd6 34. Bg2 Nf7 35. h3 Ne5+ 36. Kc2 Ke7 37. Bf1 Kf7 38. Kd2 Rh4 39. Bg2 Bc6 0-1

[Event "Internet Section 16-B"]
[Site "Dos Hermanas"]
[Date "2003.03.16"]
[Round "4"]
[White "La Rota, Fabio"]
[Black "Neves, Jose Joaquim A Cost"]
[Result "1-0"]
[WhiteElo "2345"]
[BlackElo "2031"]
[PlyCount "27"]
[EventDate "2003.03.16"]
[EventType "swiss (blitz)"]
[EventRounds "9"]
[EventCountry "ESP"]
[SourceTitle "EXT 2004"]
[Source "ChessBase"]
[SourceDate "2003.11.25"]
[SourceVersion "1"]
[SourceVersionDate "2003.11.25"]
[SourceQuality "1"]

1. e4 e6 2. Nf3 d5 3. e5 c5 4. b4 cxb4 5. d4 Nc6 6. a3 bxa3 7. c3 Qb6 8. Bd3 Bd7 9. Ng5 g6 10. Qf3 Nd8 11. Nxa3 Bxa3 12. Bxa3 h6 13. Nh3 Ne7 14. Qf6 1-0